Score 0/20 Timer 04:00
3 Plays Today
Title Writer % Correct
A Farewell to ArmsErnest Hemingway
86.1%
Nicholas NicklebyCharles Dickens
85.8%
Mansfield ParkJane Austen
75.8%
MoonrakerIan Fleming
74.7%
The FountainheadAyn Rand
74%
The ShiningStephen King
73.5%
The Pelican BriefJohn Grisham
70.5%
KidnappedRobert Louis Stevenson
64.4%
Patriot GamesTom Clancy
57.7%
Life, the Universe and EverythingDouglas Adams
55.5%
Title Writer % Correct
Song of SolomonToni Morrison
49.9%
Are You There God? It's Me, Margaret.Judy Blume
49.3%
A Room With a ViewE.M. Forster
48.6%
The Island of Dr. MoreauH.G. Wells
47%
Deception PointDan Brown
42.5%
Tropic of CapricornHenry Miller
41.8%
Giovanni's RoomJames Baldwin
17.1%
To a God UnknownJohn Steinbeck
13.3%
The Seven Lady GodivasDr. Seuss
9.2%
TracksLouise Erdrich
4%
Remove Ads.
Support Sporcle.
Get the best of Sporcle when you Go Orange. This ad-free experience offers more features, more stats, and more fun while also helping to support Sporcle. Thank you for becoming a member.

You're not logged in!

Compare scores with friends on all Sporcle quizzes.
OR
Log In

Show Comments

Extras

Top Quizzes Today


Score Distribution

Your Account Isn't Verified!

In order to create a playlist on Sporcle, you need to verify the email address you used during registration. Go to your Sporcle Settings to finish the process.

Report this User

Report this user for behavior that violates our Community Guidelines.

Details: